000 00711nas a2200229 4500
001 BR8106691
003 BR-BrBNA
005 20231205084849.0
007 ta
008 230509b bl.|||p| |||| 00| 00por d
040 _aBR-BrBNA
_bpor
_cBiblioteca Nacional de Agricultura
041 _a(Pt)
072 _aF00; E15
100 1 _aAnon.
245 1 _aAgora, uma lavoura mais diversificada [cultura de inverno, Rio Grande do Sul, Brasil]
650 _aCULTURA DE INVERNO
650 _aLAVOURA
650 _aRIO GRANDE DO SUL
773 0 _tAgricultura e Cooperativismo (Brazil)
_xISSN 0100-5758
_g(May 1981), v. 6(61) p. 12-16
_wBR8106691
909 _a202311
_bLúcia
_c55
_dLúcia Elande
942 _2AGRIS
_n0
_cANA
999 _c107769
_d107769